Fenerbahçe'nin en golcü oyuncuları - Statistics

General Stats
  • This quiz has been taken 400 times
    93 since last reset
  • The average score is 12 of 25
Answer Stats
Goals Answer % Correct
BRE 171 Alex de Souza
100%
BOS 46 Edin Dzeko
87%
EKV 59 Enner Valencia
81%
HOL 36 Robin van Persie
73%
SEN 75 Moussa Sow
70%
TUR 161 Aykut Kocaman
69%
TUR 77 Tuncay Şanlı
69%
TUR 87 Semih Şentürk
68%
BR-TR 55 Mert Nobre
58%
FAS 38 Youssef En-Nesyri
53%
HOL 37 Dirk Kuyt
48%
BRE 40 Deivid
47%
BOS 76 Elvir Boliç
45%
İSP 35 Daniel Guiza
44%
TUT 57 Oğuz Çetin
42%
TUR 39 Rıdvan Dilmen
39%
TUR 49 Serhat Akın
35%
BEL 44 Michy Batshuayi
34%
BRE 50 Fernandao
30%
HOL 35 Pierre van Hooijdonk
29%
TUR 54 Tanju Çolak
29%
TUR 47 Lefter Küçükandonyadis
23%
TUR 48 Bülent Uygun
10%
ROM 34 Viorel Moldovan
8%
TUR 41 Yüksel Gündüz
1%
No matching quizzes found
Score Distribution
Percent of People with Each Score
Percentile by Number Answered
Your Score History
You have not taken this quiz since the last reset